000 00613nam a2200193Ia 4500
005 20250508163457.0
008 008 250505s9999 xx 000 0 eng d
037 _aDissertations
040 _aFEDL
_beng
_cFEDL
041 _aeng
_2eng
084 _a370, KHA/DI
_qFEDL
100 _aKhanduri Gitanjali
_9775421
245 0 _aEvaluative study of the SAARC (South Asian Association for Regional Cooperation) technical committee on education
260 _c1993
300 _a124p.
546 _aM. Ed. Dissertation (Delhi University)
942 _cDIS
_h370, KHA/DI
999 _c1383560
_d1383560